Cyclisme : Top 20 du Critérium du Dauphiné 2024 - Statistiques

Statistiques générales
  • Ce quiz a été pris 49 fois
  • Le résultat moyen est 13 sur 20
Statistiques - réponses
Position Equipe Coureur % Correct
1er BORA Hansgrohe Primoz Roglic
98%
4eme Ineos Grenadier Carlos Rodriguez
95%
2eme Visma Lease a Bike Matteo Jorgenson
93%
3eme Israel Premier Tech Derek Gee
91%
15eme Groupama FDJ David Gaudu
86%
8eme Lidl Trek Giulio Ciccone
84%
10eme Soudal Quick Step Mikel Landa
84%
6eme Bora Hansgrohe Alexandr Vlasov
82%
19eme Cofidis Guillaume Martin
73%
7eme Soudal Quick Step Remco Evenepoel
73%
20eme BORA Hansgrohe Jai Hindley
64%
14eme Intermarché Wanty Louis Meintjes
61%
11eme Bahrain Victorious Santiago Buitrago
61%
5eme Ineos Grenadier Laurens De Plus
59%
16eme Bahrain Victorious Jack Haig
41%
17eme UAE Team Emirates Marc Soler
39%
9eme Movistar Team Oier Lazkano
39%
12eme Movistar Team Javier Romo
30%
13eme Jayco AlUla Callum Scotson
9%
18eme Lotto Dstny Eduardo Sepulveda
7%
Aucun quiz correspondant
Distribution des résultats
% des personnes avec chaque résultat
Percentile par nombre de réponses
Votre historique - résultats
Vous n’avez pas pris ce quiz